Statistiques concernant Trouvez l'ouverture aux échecs

Cliquez ici pour prendre le quiz!

Statistiques générales

  • Ce quiz a été pris 156 fois
  • Le résultat moyen est 6 sur 15

Statistiques - réponses

IndiceRéponse% Correct
Une série Netflix porte son nomGambit dame
91%
Par exemple de Palerme ou de CataneDéfense sicilienne
82%
1e4 c6Défense Caro-Kann
70%
Comme le kilt, le haggis ou GlasgowPartie écossaise
69%
Elle vient de BarcelonePartie catalane
49%
Comme les mousquetaires ou les petits cochons, mais avec des chevauxPartie des trois cavaliers
46%
Aussi appelée "Défense Petrov"Défense russe
43%
Elle porte le nom d'une créature mystiqueVariante du dragon
42%
Celle-ci, elle trompe énormément !Gambit éléphant
32%
Vient de la partie Alekhine - Euwe jouée en 1922 dans la ville éponymeSystème de Londres
28%
Risquée pour les noirs, elle peut déboucher sur les variantes Leningrad ou StonewallDéfense hollandaise
23%
Ici, c'est le gambit Benko mais en Russie, elle porte le nom d'un fleuveGambit de la Volga
22%
Variante de cette dernière qui porte le nom d'une Église chrétienneDéfense orthodoxe
16%
Amorce fêlée, timbrée, débridée, hystérique...Début du fou
14%
Ouverture utilisée lors de la "Partie du siècle" opposant Bobby Fisher à Donald ByrneDéfense Grünfeld
7%

Distribution des résultats

Percentile par nombre de réponses

% des personnes avec chaque résultat

Votre développement - résultats

Vous n’avez pas pris ce quiz